[Event "VIE-ch U13"]
[Site "Hanoi"]
[Date "2022.06.15"]
[Round "6"]
[White "Ngo, Tran Trung Hieu"]
[Black "Ta, Anh Khoi"]
[Result "1-0"]
[WhiteElo "2364"]
[BlackElo "2350"]
[PlyCount "41"]
[EventDate "2022.06.11"]
[EventType "swiss"]
[EventRounds "9"]
[EventCountry "VIE"]
[SourceTitle "EXT 2023"]
[Source "ChessBase"]
[SourceDate "2022.10.05"]
[SourceVersion "1"]
[SourceVersionDate "2022.10.05"]
[SourceQuality "1"]

1. e4 e5 2. Nf3 Nc6 3. Bb5 Bc5 4. 0-0 d6 5. d3 h6 6. h3 Nf6 7. Nc3 0-0 8. Be3 Bb6 9. Bxb6 cxb6 10. Nh2 a6 11. Bc4 b5 12. Bb3 Be6 13. f4 Bxb3 14. axb3 exf4 15. Rxf4 d5 16. Ng4 Nxg4 17. Qxg4 dxe4 18. Nxe4 Qd4+ 19. Kh1 Qxb2 20. Raf1 Qxc2 21. Nf6+ 1-0